[Event "2nd Turkish League 2017"]
[Site "Konya"]
[Date "2017.07.20"]
[Round "2"]
[White "Okay, Ilkin Ege"]
[Black "Gurbuz, Bayram"]
[Result "1-0"]
[WhiteElo "1973"]
[BlackElo "1794"]
[Annotator "NA"]
[PlyCount "137"]
[EventType "team-tourn"]
[EventCountry "TUR"]
[SourceTitle "playchess.com"]
[Source "ChessBase"]
[SourceQuality "1"]
[TimeControl "5400+30"]

1. e4 {[%emt 0:00:30]} d6 {[%emt 0:01:00]} 2. d4 {[%emt 0:00:30]} Nf6 {[%emt 0:00:30]} 3. Nc3 {[%emt 0:00:30]} e5 {[%emt 0:00:00]} 4. dxe5 {[%emt 0:02:30]} dxe5 {[%emt 0:00:00]} 5. Qxd8+ {[%emt 0:00:30]} Kxd8 {[%emt 0:00:00]} 6. Bc4 {[%emt 0:04:30]} Ke8 {[%emt 0:00:00]} 7. Nf3 {[%emt 0:16:30]} Bd6 {[%emt 0:05:30]} 8. b3 {[%emt 0:06:30] B07: Pirc Defence: Miscellaneous Systems} (8. Bg5 Nbd7 9. Nd2 c6 10. Bb3 Bc7 11. O-O Nc5 12. Be3 Ne6 13. f3 Ke7 14. Rfd1 Rd8 15. Ne2 Nh5 16. g3 Nf6 {½-½ (50) Shomoev,A (2550)-Najer,E (2682) Sochi 2017}) 8... Nbd7 $146 {[%emt 0:06:30]} ({Predecessor:} 8... c6 9. Bb2 Nbd7 10. Rd1 Bc5 11. O-O b5 12. Bd3 Kd8 13. a4 a6 14. axb5 axb5 15. Bxb5 cxb5 16. Nxe5 {½-½ (29) Voiteanu,C (2248)-Kukov,V (2396) Albena 2013}) 9. Bb2 {[%emt 0:02:30]} a6 {[%emt 0:04:30]} 10. a4 {[%emt 0:04:30]} Nb6 {[%emt 0:09:30]} 11. Be2 {[%emt 0:05:30]} Be6 {[%emt 0:02:30]} 12. Ng5 {[%emt 0:04:30]} Ke7 {[%emt 0:02:30]} 13. Nxe6 {[%emt 0:01:30]} fxe6 {[%emt 0:00:30]} 14. a5 {[%emt 0:06:30]} Nbd7 {[%emt 0:00:30]} 15. Bc4 {[%emt 0:00:30]} Rad8 {[%emt 0:03:30]} (15... Nb8 $15) 16. Ke2 {[%emt 0:03:30]} Nb8 {[%emt 0:01:30]} 17. Bd3 {[%emt 0:03:30]} Nc6 {[%emt 0:02:30]} 18. Rhd1 {[%emt 0:03:30]} Rhf8 {[%emt 0:00:30]} 19. h3 {[%emt 0:05:30]} Nh5 {[%emt 0:02:30]} 20. Kf1 {[%emt 0:01:30]} Bc5 {[%emt 0:03:30]} 21. Rd2 {[%emt 0:03:30] [#]} Rf7 {[%emt 0:02:30]} ({Black should try} 21... Be3 $1 $17 {[%cal Re3d2]} 22. Ba3+ Ke8 23. Bxf8 Bxd2) 22. Ba3 {[%emt 0:01:30]} Bxa3 {[%emt 0:02:30]} 23. Rxa3 {[%emt 0:00:30]} Nb4 {[%emt 0:00:00]} 24. Ra1 {[%emt 0:00:30]} Nxc2 {[%emt 0:01:00]} 25. Rxc2 {[%emt 0:04:36]} Rxd3 {[%emt 0:00:30]} 26. Rd1 {[%emt 0:00:32]} Ng3+ {[%emt 0:06:30]} 27. Ke1 {[%emt 0:00:29]} Rxd1+ {[%emt 0:00:30]} 28. Kxd1 {[%emt 0:00:30]} Nh5 {[%emt 0:00:30]} 29. Na4 {[%emt 0:01:42]} Kf6 {[%emt 0:02:30]} 30. Nc5 {[%emt 0:01:07]} c6 {[%emt 0:00:30]} 31. Rd2 {[%emt 0:00:33]} Nf4 {[%emt 0:00:30]} 32. Nd7+ {[%emt 0:00:08]} Kg5 {[%emt 0:01:30]} 33. Nxe5 {[%emt 0:01:29]} Re7 {[%emt 0:00:30] [#]} 34. h4+ $1 {[%emt 0:02:47]} Kf6 {[%emt 0:01:30]} 35. Nd7+ {[%emt 0:00:43]} Kf7 {[%emt 0:01:30]} 36. g3 {[%emt 0:00:08]} Ng6 {[%emt 0:00:00]} 37. h5 {[%emt 0:03:12]} Nf8 {[%emt 0:01:00]} 38. Ne5+ {[%emt 0:00:23]} Ke8 {[%emt 0:00:00]} 39. Nc4 {[%emt 0:00:09]} Rc7 {[%emt 0:03:00]} 40. e5 {[%emt 0:05:19]} Nd7 {[%emt 0:01:30]} 41. Ke2 {[%emt 0:00:38]} Ke7 {[%emt 0:01:30]} 42. Ke3 {[%emt 0:00:26]} Kf8 {[%emt 0:03:30]} 43. Rd4 {[%emt 0:01:15]} Ke7 {[%emt 0:01:30]} 44. Rg4 {[%emt 0:00:21]} Kf8 {[%emt 0:00:30]} 45. Kd4 {[%emt 0:00:05]} c5+ {[%emt 0:02:30]} 46. Ke4 {[%emt 0:00:35]} Nb8 {[%emt 0:02:30]} 47. Rf4+ {[%emt 0:00:05]} Kg8 {[%emt 0:00:30]} 48. h6 {[%emt 0:01:08]} Nc6 {[%emt 0:01:30]} 49. hxg7 {[%emt 0:00:30]} Kxg7 {[%emt 0:00:00]} 50. Rf6 {[%emt 0:00:38]} Re7 {[%emt 0:01:00]} (50... Nd4 $14) 51. f4 {[%emt 0:01:56]} Nd4 {[%emt 0:02:30]} (51... h5 $16) 52. Nd2 $16 {[%emt 0:01:02]} (52. g4 $18) 52... Nc6 {[%emt 0:01:30]} (52... Ne2 $14) 53. Nc4 {[%emt 0:00:36]} Nd4 {[%emt 0:00:00]} 54. Nd2 {[%emt 0:01:19]} Nc2 {[%emt 0:00:00]} 55. Kd3 {[%emt 0:00:32]} Nb4+ {[%emt 0:00:30]} 56. Kc4 {[%emt 0:01:20]} Nd5 {[%emt 0:00:30]} 57. Ne4 {[%emt 0:00:00]} Re8 {[%emt 0:01:30]} 58. Nd6 {[%emt 0:00:00]} Re7 {[%emt 0:00:30]} 59. Nf5+ {[%emt 0:00:00]} exf5 {[%emt 0:00:30]} 60. Kxd5 {[%emt 0:00:00]} Rd7+ {[%emt 0:00:30]} 61. Kxc5 {[%emt 0:00:58]} Rd3 {[%emt 0:00:00]} 62. Rb6 {[%emt 0:00:17]} Rxg3 {[%emt 0:01:00]} 63. Rxb7+ {[%emt 0:00:03]} Kf8 {[%emt 0:00:30]} 64. Kd6 {[%emt 0:00:56]} h5 {[%emt 0:00:30]} 65. e6 {[%emt 0:00:32]} Rd3+ {[%emt 0:00:30]} 66. Ke5 {[%emt 0:00:00]} h4 {[%emt 0:00:30]} 67. Kf6 {[%emt 0:00:46]} Kg8 {[%emt 0:00:00]} 68. e7 {[%emt 0:00:14]} Re3 {[%emt 0:01:00]} 69. Rb8+ {[%emt 0:00:20]} 1-0

[Event "2nd Turkish League 2017"]
[Site "Konya"]
[Date "2017.07.20"]
[Round "2"]
[White "Demirbag, Alihan"]
[Black "Altunbay, Onder"]
[Result "1-0"]
[WhiteElo "1960"]
[BlackElo "1830"]
[Annotator "NA"]
[PlyCount "165"]
[EventType "team-tourn"]
[EventCountry "TUR"]
[SourceTitle "playchess.com"]
[Source "ChessBase"]
[SourceQuality "1"]
[TimeControl "5400+30"]

1. e4 {[%emt 0:00:30]} c5 {[%emt 0:01:00]} 2. Nc3 {[%emt 0:00:30]} a6 {[%emt 0:00:30]} 3. g3 {[%emt 0:00:00]} b5 {[%emt 0:03:30]} 4. Bg2 {[%emt 0:00:00]} Bb7 {[%emt 0:00:00]} 5. d3 {[%emt 0:00:30] LiveBook: 427 Games} e6 {[%emt 0:03:00]} 6. f4 {[%emt 0:00:30]} Be7 {[%emt 0:11:30] B23: Closed Sicilian: Lines without g3} 7. Nh3 {[%emt 0:00:30]} Nf6 {[%emt 0:04:30]} 8. O-O {[%emt 0:01:30]} b4 {[%emt 0:16:30]} 9. Ne2 {[%emt 0:00:30]} d6 {[%emt 0:02:30]} 10. Nf2 {[%emt 0:03:30]} d5 $146 {[%emt 0:02:30]} ({Predecessor:} 10... Nc6 11. g4 Nd7 12. a3 a5 13. Ng3 Qb6 14. axb4 axb4 15. Rxa8+ Bxa8 {1-0 (60) Vitiugov,N (2724)-Donchenko,A (2559) Caleta 2017}) 11. e5 {[%emt 0:02:30]} Nfd7 {[%emt 0:00:30]} 12. Qe1 {[%emt 0:26:30]} Qc7 {[%emt 0:05:30]} 13. c3 {[%emt 0:07:30]} (13. f5 $5) 13... bxc3 {[%emt 0:08:30]} 14. bxc3 {[%emt 0:00:00]} c4 {[%emt 0:00:30]} 15. d4 {[%emt 0:00:00]} Nb6 {[%emt 0:04:30]} (15... g6 $16) 16. Ng4 {[%emt 0:05:30]} h5 {[%emt 0:02:30]} 17. Ne3 {[%emt 0:00:30]} g6 {[%emt 0:00:30]} 18. h3 {[%emt 0:03:30]} N8d7 {[%emt 0:05:30]} 19. Nc2 {[%emt 0:22:30]} O-O-O {[%emt 0:03:30]} 20. Ba3 {[%emt 0:00:30]} Bxa3 {[%emt 0:00:30]} 21. Nxa3 {[%emt 0:00:30]} Qc6 {[%emt 0:00:30]} 22. Nc2 {[%emt 0:04:00]} Kb8 {[%emt 0:02:30]} 23. Qd2 {[%emt 0:04:32]} Ka7 {[%emt 0:02:16]} 24. g4 {[%emt 0:06:40]} hxg4 {[%emt 0:00:45]} 25. hxg4 {[%emt 0:00:04]} Rh4 {[%emt 0:01:22]} 26. Ne3 {[%emt 0:00:19]} Rg8 {[%emt 0:04:00]} 27. g5 {[%emt 0:00:11]} Nb8 {[%emt 0:02:01]} 28. Kf2 {[%emt 0:00:53]} Rgh8 {[%emt 0:01:05]} 29. Rh1 {[%emt 0:00:19]} Qe8 {[%emt 0:00:36]} 30. Rxh4 {[%emt 0:02:52]} Rxh4 {[%emt 0:00:05]} 31. Rh1 {[%emt 0:00:35]} Rxh1 {[%emt 0:00:30]} 32. Bxh1 {[%emt 0:00:30]} Qh8 {[%emt 0:00:30]} 33. Bg2 {[%emt 0:00:30]} Qh4+ {[%emt 0:00:30]} 34. Kf1 {[%emt 0:00:30]} Nc6 {[%emt 0:00:30]} 35. Qe1 {[%emt 0:00:30]} Qxe1+ {[%emt 0:00:30]} 36. Kxe1 {[%emt 0:00:30]} Nd8 {[%emt 0:00:00]} 37. Kd2 {[%emt 0:00:00]} Bc6 {[%emt 0:00:31]} 38. Ng1 {[%emt 0:01:08]} Be8 {[%emt 0:00:48]} 39. Nf3 {[%emt 0:02:54]} Nc8 {[%emt 0:02:18]} 40. Nh4 {[%emt 0:02:19]} Ne7 {[%emt 0:01:35]} 41. Bf3 {[%emt 0:00:44]} Kb6 {[%emt 0:01:01]} 42. Bd1 {[%emt 0:01:21]} Ka5 {[%emt 0:01:10]} 43. Bc2 {[%emt 0:00:01]} Bc6 {[%emt 0:03:10]} 44. Ng4 {[%emt 0:00:14]} Kb5 {[%emt 0:01:29]} 45. Nf6 {[%emt 0:01:40]} Kb6 {[%emt 0:01:13]} 46. Ng4 {[%emt 0:01:32]} Kb5 {[%emt 0:00:35]} 47. Nh6 {[%emt 0:00:24]} Be8 {[%emt 0:00:51]} 48. Ng2 {[%emt 0:00:40]} Kb6 {[%emt 0:02:35]} 49. Ne3 $14 {[%emt 0:00:02]} Ka5 {[%emt 0:01:15]} 50. Bd1 {[%emt 0:00:01]} Ba4 {[%emt 0:00:29]} 51. Bxa4 {[%emt 0:00:55]} Kxa4 {[%emt 0:00:30]} 52. Kc2 {[%emt 0:00:29]} a5 {[%emt 0:00:47]} 53. Kb2 {[%emt 0:00:31]} Nec6 {[%emt 0:01:05]} 54. Neg4 {[%emt 0:00:17]} Ne7 {[%emt 0:00:12]} 55. Nf6 {[%emt 0:00:36]} Nec6 {[%emt 0:01:04]} 56. Ne8 {[%emt 0:00:17]} Nb8 {[%emt 0:00:08]} 57. Nd6 {[%emt 0:01:00]} Nd7 {[%emt 0:00:09]} 58. Nhxf7 {[%emt 0:00:35]} Nxf7 {[%emt 0:00:30]} 59. Nxf7 {[%emt 0:00:00]} Nf8 {[%emt 0:00:08]} 60. f5 {[%emt 0:01:13]} exf5 {[%emt 0:01:01]} 61. Nd8 {[%emt 0:00:30]} f4 {[%emt 0:00:30]} 62. Kc2 {[%emt 0:00:00]} f3 {[%emt 0:00:11]} 63. Kd2 {[%emt 0:00:01]} f2 {[%emt 0:00:30]} 64. Ke2 {[%emt 0:00:30]} Ka3 {[%emt 0:00:00]} 65. e6 {[%emt 0:00:30]} Nxe6 {[%emt 0:00:00]} 66. Nxe6 {[%emt 0:00:30]} f1=Q+ {[%emt 0:00:27]} 67. Kxf1 {[%emt 0:00:30]} Kxa2 {[%emt 0:00:00]} 68. Nc7 {[%emt 0:01:37]} Kb2 {[%emt 0:00:50]} 69. Nxd5 {[%emt 0:00:22]} a4 {[%emt 0:00:27]} 70. Nb6 {[%emt 0:00:13]} Kxc3 {[%emt 0:00:10]} 71. Nxa4+ {[%emt 0:00:30]} Kxd4 {[%emt 0:00:00]} 72. Kf2 {[%emt 0:00:27]} Ke4 {[%emt 0:00:55]} 73. Kg3 {[%emt 0:00:00]} Kf5 {[%emt 0:00:33]} 74. Kh4 {[%emt 0:00:01]} Kf4 {[%emt 0:00:00]} 75. Nb6 {[%emt 0:00:48]} c3 {[%emt 0:01:08]} 76. Nd5+ {[%emt 0:00:30]} Ke5 {[%emt 0:00:30]} 77. Nxc3 {[%emt 0:00:30]} Ke6 {[%emt 0:00:00]} 78. Kg4 {[%emt 0:00:00]} Kf7 {[%emt 0:00:03]} 79. Kf4 {[%emt 0:00:13]} Ke6 {[%emt 0:00:00]} 80. Ne4 {[%emt 0:00:00]} Kf7 {[%emt 0:00:00]} 81. Ke5 {[%emt 0:00:00]} Kg7 {[%emt 0:00:00]} 82. Ke6 {[%emt 0:00:00]} Kh7 {[%emt 0:00:00]} 83. Kf6 {[%emt 0:00:00]} 1-0

[Event "2nd Turkish League 2017"]
[Site "Konya"]
[Date "2017.07.18"]
[Round "2"]
[White "Kelebek, Emre"]
[Black "Eren, Baran"]
[Result "0-1"]
[WhiteElo "1907"]
[BlackElo "2143"]
[Annotator "NA RC"]
[PlyCount "48"]
[EventType "team-tourn"]
[EventCountry "TUR"]
[SourceTitle "playchess.com"]
[Source "ChessBase"]
[SourceQuality "1"]
[TimeControl "5400+30"]

1. e4 {[%emt 0:00:30]} c5 {[%emt 0:01:00]} 2. Nf3 {[%emt 0:00:30]} e6 {[%emt 0:00:00]} 3. d4 {[%emt 0:00:00]} cxd4 {[%emt 0:00:00]} 4. Nxd4 {[%emt 0:00:00]} Nc6 {[%emt 0:00:00]} 5. Nc3 {[%emt 0:00:30]} Qc7 {[%emt 0:00:00]} 6. Ndb5 {[%emt 0:07:30]} Qb8 {[%emt 0:00:30]} 7. Be3 {[%emt 0:01:30]} a6 {[%emt 0:00:30]} 8. Nd4 {[%emt 0:00:00]} Nf6 {[%emt 0:01:30]} 9. Be2 {B47: Sicilian: Taimanov: 5 Nc3 Qc7 6 f4, 6 g3 and 6 Be2} Bb4 {[%emt 0:02:30]} 10. Nxc6 {[%emt 0:10:30]} bxc6 {[%emt 0:01:30]} 11. Bf3 {[%emt 0:01:30]} d5 {[%emt 0:05:30]} 12. exd5 {[%emt 0:04:30]} cxd5 {[%emt 0:00:00]} 13. O-O {[%emt 0:00:30]} O-O {[%emt 0:00:00]} 14. Na4 $146 {[%emt 0:12:30]} ({Predecessor:} 14. Bg5 Bd6 15. g3 Be5 {0-1 (60) Sztokbant,B (1979)-Barbosa,E (2383) Sao Paulo 2011}) 14... a5 {[%emt 0:07:30]} 15. Nb6 {[%emt 0:08:30]} Ra6 {[%emt 0:00:30]} 16. Nxc8 {[%emt 0:02:30]} Rxc8 {[%emt 0:02:30]} 17. Qe2 {[%emt 0:24:30]} Rac6 {[%emt 0:01:30]} 18. c3 {[%emt 0:00:00]} Bd6 {[%emt 0:01:30]} 19. g3 {[%emt 0:00:00]} Nd7 {[%emt 0:02:30]} 20. Bd4 {[%emt 0:05:06]} Bc5 {[%emt 0:01:30]} 21. Rfd1 {[%emt 0:06:50]} Bxd4 {[%emt 0:00:30]} 22. Rxd4 {[%emt 0:00:25]} Rb6 {[%emt 0:00:30]} 23. Be4 {[%emt 0:11:40]} (23. Rb1 $142) 23... Nf6 $19 {[%emt 0:04:30]} ({Weaker is} 23... dxe4 24. Rxd7 Rxb2 25. Qxe4 $11) 24. Bf3 {[%emt 0:01:48]} Rxb2 {[%emt 0:00:30]} 0-1

[Event "2nd Turkish League 2017"]
[Site "Konya"]
[Date "2017.07.20"]
[Round "2"]
[White "Ugur, Can Atakan"]
[Black "Alaz, Ahmet Efekan"]
[Result "1/2-1/2"]
[WhiteElo "1889"]
[BlackElo "2015"]
[Annotator "NA"]
[PlyCount "111"]
[EventType "team-tourn"]
[EventCountry "TUR"]
[SourceTitle "playchess.com"]
[Source "ChessBase"]
[SourceQuality "1"]
[TimeControl "5400+30"]

1. e4 {[%emt 0:00:30]} d6 {[%emt 0:02:00]} 2. d4 {[%emt 0:00:30]} Nf6 {[%emt 0:00:30]} 3. Bd3 {[%emt 0:00:30]} Nbd7 {[%emt 0:00:30]} 4. Nf3 {[%emt 0:04:30] B07: Pirc Defence: Miscellaneous Systems} e5 {[%emt 0:00:00]} 5. dxe5 {[%emt 0:01:30]} dxe5 {[%emt 0:00:00]} 6. Bg5 {[%emt 0:00:00]} (6. O-O Be7 7. Nbd2 c6 8. c3 O-O 9. Bc2 Qc7 10. Qe2 a5 11. Rd1 a4 12. Nf1 Nc5 13. Ng3 {½-½ (85) Bogdanovich,S (2590)-Dominguez Perez,L (2732) Berlin 2015}) 6... Be7 {[%emt 0:02:30]} 7. O-O {[%emt 0:01:00]} c6 {[%emt 0:01:30]} 8. Nbd2 {[%emt 0:02:30]} Qc7 {[%emt 0:00:30]} 9. Nb3 {[%emt 0:04:30]} h6 $146 {[%emt 0:02:30]} ({Predecessor:} 9... Nf8 10. h3 Ng6 11. Nh4 Nxh4 12. Bxh4 O-O 13. Qe2 {0-1 (37) Ruiz Diez,J (2319)-Ramo Frontinan,C (2348) Spain 2006}) 10. Bd2 {[%emt 0:09:30]} Nf8 {[%emt 0:02:30]} 11. Bc3 {[%emt 0:02:30]} Ng6 {[%emt 0:01:30]} 12. Nfd2 {[%emt 0:08:30]} Be6 {[%emt 0:04:30]} 13. Re1 {[%emt 0:00:30]} Rd8 {[%emt 0:00:30]} 14. Qc1 {[%emt 0:03:30]} Ng4 {[%emt 0:18:30]} 15. Bc4 {[%emt 0:05:30]} Qb6 {[%emt 0:10:30]} 16. Rf1 {[%emt 0:01:30]} Bxc4 $1 {[%emt 0:01:30]} 17. Nxc4 {[%emt 0:00:30]} Qa6 $1 {[%emt 0:01:30]} 18. Ne3 {[%emt 0:07:30]} Bg5 {[%emt 0:06:30]} 19. Bd2 {[%emt 0:04:30]} Nf4 {[%emt 0:04:30]} 20. Qe1 {[%emt 0:03:30]} Nf6 {[%emt 0:06:30]} 21. Nf5 {[%emt 0:04:30]} g6 {[%emt 0:08:30]} 22. Bxf4 {[%emt 0:08:30]} Bxf4 {[%emt 0:01:30]} 23. Ng3 {[%emt 0:03:30]} Qc4 {[%emt 0:01:30]} 24. Qa5 {[%emt 0:06:34]} O-O {[%emt 0:03:37]} 25. Qxa7 {[%emt 0:02:04]} Bxg3 {[%emt 0:05:36]} 26. hxg3 {[%emt 0:01:06]} Nxe4 {[%emt 0:03:14]} 27. Qxb7 {[%emt 0:02:58]} Qxc2 {[%emt 0:04:24]} 28. Rac1 {[%emt 0:01:43]} Qxb2 {[%emt 0:00:08]} 29. Qxc6 {[%emt 0:00:51]} Qxa2 {[%emt 0:01:08]} 30. Qxe4 {[%emt 0:00:30]} Qxb3 {[%emt 0:00:30]} 31. Qxe5 {[%emt 0:00:00]} Rfe8 {[%emt 0:02:08]} 32. Qf4 {[%emt 0:00:44]} Kg7 {[%emt 0:01:26]} 33. Rce1 {[%emt 0:05:40]} Qd5 {[%emt 0:01:17]} 34. Qa4 {[%emt 0:01:04]} Rxe1 {[%emt 0:01:15]} 35. Rxe1 {[%emt 0:00:05]} Ra8 {[%emt 0:00:54]} 36. Qb4 {[%emt 0:00:24]} Qf5 {[%emt 0:02:01]} 37. Qc3+ {[%emt 0:00:14]} Qf6 {[%emt 0:00:12]} 38. Qb3 {[%emt 0:01:00]} Ra1 {[%emt 0:00:23]} 39. Qe3 $11 {[%emt 0:01:53]} h5 {[%emt 0:01:11]} 40. Qe2 {[%emt 0:01:16]} Qc3 {[%emt 0:00:37]} 41. Rxa1 {[%emt 0:00:30]} Qxa1+ {[%emt 0:00:00]} 42. Kh2 {[%emt 0:00:19]} Qd4 {[%emt 0:00:08]} 43. Qc2 {[%emt 0:01:29]} Kf6 {[%emt 0:00:25]} 44. Qe2 {[%emt 0:00:20]} Qc5 {[%emt 0:01:12]} 45. Kg1 {[%emt 0:00:56]} Qc1+ {[%emt 0:00:30]} 46. Kh2 {[%emt 0:00:00]} Qb1 {[%emt 0:00:06]} 47. Qd2 {[%emt 0:00:49]} Ke6 {[%emt 0:00:30]} 48. Qe3+ {[%emt 0:00:00]} Kd7 {[%emt 0:00:34]} 49. Qd4+ {[%emt 0:00:00]} Ke6 {[%emt 0:00:29]} 50. Qe3+ {[%emt 0:00:03]} Kf6 {[%emt 0:00:34]} 51. Qd4+ {[%emt 0:00:03]} Ke6 {[%emt 0:01:22]} 52. Qe3+ {[%emt 0:00:30]} Kd7 {[%emt 0:00:30]} 53. Qd4+ {[%emt 0:00:30]} Ke8 {[%emt 0:00:30]} 54. Qe5+ {[%emt 0:00:30]} Kf8 {[%emt 0:00:30]} 55. Qh8+ {[%emt 0:00:30]} Ke7 {[%emt 0:00:30]} 56. Qe5+ {[%emt 0:00:00]} 1/2-1/2

[Event "2nd Turkish League 2017"]
[Site "Konya"]
[Date "2017.07.20"]
[Round "2"]
[White "Percin, Baris"]
[Black "Cannesar, Rad"]
[Result "1-0"]
[WhiteElo "1869"]
[BlackElo "1979"]
[Annotator "NA"]
[PlyCount "95"]
[EventType "team-tourn"]
[EventCountry "TUR"]
[SourceTitle "playchess.com"]
[Source "ChessBase"]
[SourceQuality "1"]
[TimeControl "5400+30"]

1. e4 {[%emt 0:00:30]} c5 {[%emt 0:01:00]} 2. Nc3 {[%emt 0:00:30]} Nc6 {[%emt 0:00:30]} 3. g3 {[%emt 0:00:30]} g6 {[%emt 0:00:00]} 4. Bg2 {[%emt 0:00:00]} Bg7 {[%emt 0:00:00]} 5. d3 {[%emt 0:00:00]} d6 {[%emt 0:04:30]} 6. f4 {[%emt 0:00:00]} e6 {[%emt 0:02:30]} 7. Nf3 {[%emt 0:00:00]} Nge7 {[%emt 0:01:30]} 8. O-O {[%emt 0:00:00]} O-O {[%emt 0:01:30]} 9. Be3 {[%emt 0:00:00]} Nd4 {[%emt 0:00:30]} 10. e5 {[%emt 0:00:00]} Nef5 {[%emt 0:08:30]} 11. Bf2 {[%emt 0:00:00]} Nxf3+ {[%emt 0:02:30]} 12. Qxf3 {[%emt 0:00:00]} Nd4 {[%emt 0:02:30]} 13. Qd1 {[%emt 0:00:00]} dxe5 {[%emt 0:07:30]} 14. fxe5 {[%emt 0:00:30]} Bxe5 {[%emt 0:01:30]} 15. Ne4 {[%emt 0:00:00]} c4 {[%emt 0:09:30] B25: Closed Sicilian: 3 g3, lines without early Be3} (15... b6 $11) (15... Bg7 16. c3 Nf5 17. Nxc5 Qc7 18. d4 Rb8 19. g4 Nd6 20. Nd3 b6 21. Bg3 Rd8 22. Ne5 Bb7 23. Qe2 Bxg2 24. Qxg2 Bxe5 25. Bxe5 {1-0 (32) Muzychuk,A (2560)-Lagno,K (2543) Khanty-Mansiysk 2014}) 16. c3 {[%emt 0:06:00]} Nc6 {[%emt 0:05:30]} 17. Bc5 {[%emt 0:02:30]} cxd3 {[%emt 0:05:30]} 18. Bxf8 {[%emt 0:02:30]} Kxf8 {[%emt 0:00:00]} 19. Qf3 $146 {[%emt 0:02:30]} ({Predecessor:} 19. Qd2 Kg7 20. Rad1 f5 21. Nc5 Bf6 22. Qf2 Qc7 23. Rxd3 {1-0 (49) Liemann,M-Wolf,U Muenster 1991}) 19... f5 {[%emt 0:05:00]} 20. Rad1 {[%emt 0:01:30]} Qb6+ {[%emt 0:03:30]} 21. Qf2 {[%emt 0:01:30]} Bc7 {[%emt 0:09:30]} 22. Kh1 {[%emt 0:04:30]} Ne5 {[%emt 0:12:45]} 23. Nc5 {[%emt 0:25:30]} Ng4 {[%emt 0:00:57]} 24. Qd4 {[%emt 0:00:30]} e5 {[%emt 0:04:20]} 25. Qxg4 {[%emt 0:03:30]} Qxc5 {[%emt 0:00:21]} 26. Rxd3 {[%emt 0:02:30]} Be6 {[%emt 0:04:14]} 27. Qh4 {[%emt 0:02:30]} Qe7 {[%emt 0:04:05]} 28. Qh6+ {[%emt 0:00:30]} Qg7 {[%emt 0:00:13]} 29. Qxg7+ {[%emt 0:00:30]} Kxg7 {[%emt 0:00:05]} 30. Rfd1 $11 {[%emt 0:00:30]} (30. Bxb7 $16 Rb8 31. Bd5) 30... Kf6 {[%emt 0:01:31]} 31. Bd5 {[%emt 0:04:30]} e4 {[%emt 0:00:49]} 32. R3d2 {[%emt 0:00:30]} e3 {[%emt 0:00:47]} 33. Rd3 {[%emt 0:00:30]} e2 {[%emt 0:00:41]} 34. Re1 {[%emt 0:00:30]} Rd8 {[%emt 0:00:27]} 35. c4 {[%emt 0:00:30]} Re8 {[%emt 0:00:45]} 36. Bxe6 {[%emt 0:02:30]} Rxe6 {[%emt 0:00:04]} 37. b4 {[%emt 0:00:30]} f4 {[%emt 0:01:59]} 38. gxf4 {[%emt 0:03:30]} Bxf4 {[%emt 0:00:04]} 39. Rf3 {[%emt 0:01:30]} Kg5 {[%emt 0:00:03]} 40. Rf2 {[%emt 0:00:30]} Bd2 {[%emt 0:00:06]} 41. Rexe2 {[%emt 0:00:30]} Rxe2 {[%emt 0:00:30]} 42. Rxe2 {[%emt 0:00:30]} Bxb4 {[%emt 0:00:00]} 43. Rb2 {[%emt 0:01:30]} a5 {[%emt 0:00:00]} 44. a3 {[%emt 0:00:00]} Bxa3 {[%emt 0:00:00]} 45. Rb5+ {[%emt 0:01:00]} Kf4 {[%emt 0:00:48]} 46. Rxa5 {[%emt 0:00:00]} Bf8 {[%emt 0:02:47]} 47. Ra7 {[%emt 0:01:00]} b6 {[%emt 0:02:36]} 48. Rf7+ {[%emt 0:00:00]} 1-0

[Event "2nd Turkish League 2017"]
[Site "Konya"]
[Date "2017.07.18"]
[Round "2"]
[White "Sahinoglu, Hakan"]
[Black "Kurdas, Halil Ibrahim"]
[Result "0-1"]
[WhiteElo "1835"]
[BlackElo "1774"]
[Annotator "NA"]
[PlyCount "36"]
[EventType "team-tourn"]
[EventCountry "TUR"]
[SourceTitle "playchess.com"]
[Source "ChessBase"]
[SourceQuality "1"]
[TimeControl "5400+30"]

1. d4 {[%emt 0:00:30]} d5 {[%emt 0:01:00]} 2. c4 {[%emt 0:00:00]} dxc4 {[%emt 0:00:30]} 3. Nf3 {[%emt 0:00:00]} Nf6 {[%emt 0:00:30]} 4. e3 {[%emt 0:00:00]} e6 {[%emt 0:00:30]} 5. Bxc4 {[%emt 0:00:00]} a6 {[%emt 0:00:30]} 6. Nc3 {[%emt 0:00:30]} b5 {[%emt 0:00:00]} 7. Bd3 {[%emt 0:00:00]} c5 {[%emt 0:00:00]} 8. O-O {[%emt 0:00:00]} Bb7 {[%emt 0:00:30]} 9. Qe2 {[%emt 0:00:30]} Nbd7 {[%emt 0:00:30]} 10. Rd1 {[%emt 0:00:30]} Qb6 {[%emt 0:01:30]} 11. Bc2 {[%emt 0:00:30]} Rc8 {[%emt 0:03:30]} 12. e4 {[%emt 0:02:30]} cxd4 {[%emt 0:02:30]} 13. Nxd4 {[%emt 0:00:30]} Bc5 {[%emt 0:15:30]} 14. Be3 $15 {[%emt 0:10:30]} Ne5 {[%emt 0:00:30]} 15. a4 {[%emt 0:02:30]} b4 {[%emt 0:04:30]} 16. a5 {[%emt 0:00:30]} Qc7 {[%emt 0:00:00]} 17. Na4 {[%emt 0:08:30]} Neg4 {[%emt 0:01:00]} 18. Nxc5 {[%emt 0:00:30]} Qxh2+ {[%emt 0:00:30]} 0-1